000 00315nam a22001217a 4500
999 _c13580
_d13580
082 _a297.4
100 _aحمید عسکری
245 _aنامور مسلم سائنسدان
260 _aلاہور
_bمجلس ترقی ادب
_c١٩٩٦
300 _a٤٣٠ صفحات
650 _aMuslim Scientist
942 _cBK